Construction economics (Record no. 103380)

MARC details
000 -LEADER
fixed length control field 01227cad a22002895a 4500
001 - CONTROL NUMBER
control field L125363
008 - FIXED-LENGTH DATA ELEMENTS--GENERAL INFORMATION
fixed length control field 040308s2004 xxk f 000 0 eng u
020 ## - INTERNATIONAL STANDARD BOOK NUMBER
International Standard Book Number 0415286395
-- 9780203642887
035 ## - SYSTEM CONTROL NUMBER
System control number (Sirsi) u125363
041 ## - LANGUAGE CODE
Language code of text/sound track or separate title eng
050 ## - LIBRARY OF CONGRESS CALL NUMBER
Classification number 338.47624
-- 22
050 ## - LIBRARY OF CONGRESS CALL NUMBER
Classification number 338.4369
-- 18
100 ## - MAIN ENTRY--PERSONAL NAME
Personal name Myers, Danny
245 00 - TITLE STATEMENT
Title Construction economics
Remainder of title a new approach
260 ## - PUBLICATION, DISTRIBUTION, ETC.
Place of publication, distribution, etc. London
Name of publisher, distributor, etc. SPON
Date of publication, distribution, etc. 2004
300 ## - PHYSICAL DESCRIPTION
Extent ix, 283p.
Dimensions 25cm.
350 ## - PRICE (NR) (BK AM CF MU VM SE) [OBSOLETE]
Price 22.99
520 ## - SUMMARY, ETC.
Summary, etc. Aimed primarily at students on courses in the built environment, this book explains the basic principles of economic theory in relation to the construction industry. Part A deals with effective use of resources, part B looks at effective protection of the environment and part C considers economic growth that meets the needs of everyone. Includes frequent summaries of key points and brief extracts from the journal "Construction Management and Economics". Glossary. References.
521 2# - TARGET AUDIENCE NOTE
Target audience note Advanced
650 ## - SUBJECT ADDED ENTRY--TOPICAL TERM
Topical term or geographic name entry element CONSTRUCTION ECONOMICS
650 ## - SUBJECT ADDED ENTRY--TOPICAL TERM
Topical term or geographic name entry element SUPPLY AND DEMAND
650 ## - SUBJECT ADDED ENTRY--TOPICAL TERM
Topical term or geographic name entry element CONSTRUCTION INDUSTRY
650 ## - SUBJECT ADDED ENTRY--TOPICAL TERM
Topical term or geographic name entry element ECONOMIC THEORY
651 #4 - SUBJECT ADDED ENTRY--GEOGRAPHIC NAME
Geographic name International
690 ## - LOCAL SUBJECT ADDED ENTRY--TOPICAL TERM (OCLC, RLIN)
Topical term or geographic name as entry element BUILT ENVIRONMENT-CONSTRUCTION MANAGEMENT
942 ## - ADDED ENTRY ELEMENTS (KOHA)
Suppress in OPAC 0
Holdings
Withdrawn status Lost status Source of classification or shelving scheme Damaged status Not for loan Home library Current library Shelving location Date acquired Total Checkouts Full call number Barcode Date last seen Date last checked out Copy number Price effective from Koha item type
    Dewey Decimal Classification     London London Books 04/11/2011 1 338.4369 MYE 30079547 06/08/2019 21/05/2013 2 06/08/2019 Book